A escada de nuvens (Record no. 57125)

MARC details
000 -LÍDER
campo de controle de tamanho fixo 00315 a2200145 4500
001 - NÚMERO DE CONTROLE
campo de controle 57125
020 ## - ISBN - INTERNATIONAL STANDARD BOOK NUMBER
ISBN - International Standard Book Number 8500215828
040 ## - FONTE DA CATALOGAÇÃO
Instituição que transcreveu o registro Anchieta - Pituba
100 ## - ENTRADA PRINCIPAL--NOME PESSOAL
Nome pessoal Lessa, Orígenes
240 10 - TÍTULO UNIFORME
Título uniforme A escada de nuvens
Idioma da obra por
245 10 - TÍTULO
Título A escada de nuvens
300 ## - DESCRIÇÃO FÍSICA
Extensão 87
650 #4 - ASSUNTO--TERMO TÓPICO
Cabeçalho tópico ou nome geográfico Literatura juvenil
942 ## - ELEMENTOS DE ENTRADA ADICIONADOS (KOHA)
Tipo de material Koha Livros
Holdings
Situação do descarte Situação das perdas Situação física Não pode ser emprestado Biblioteca de origem Biblioteca atual Data de aquisição Total de empréstimos Número de chamada completo Código de barras Data de último acesso Data do preço efetivo Tipo de material Koha
        Colégio Anchieta - Pituba Colégio Anchieta - Pituba 21/11/2023   LJ 028.5 L638e LES ESC 6992/PIT 21/11/2023 21/11/2023 Livros